Contra Punto/ (Record no. 3977)

MARC details
000 -LEADER
campo de control de longitud fija 01612nam a22004217a 4500
003 - IDENTIFICADOR DE NÚMERO DE CONTROL
campo de control OSt
005 - FECHA Y HORA DE LA ÚLTIMA TRANSACCIÓN
campo de control 20230706083505.0
008 - DATOS DE LONGITUD FIJA--INFORMACIÓN GENERAL
campo de control de longitud fija 170318s2016 gt||||| |||| 00| 0 spa d
040 ## - FUENTE DE CATALOGACIÓN
Centro/agencia transcriptor Lado V
082 04 - NÚMERO DE LA CLASIFICACIÓN DECIMAL DEWEY
Número de clasificación 306.4
Número de ítem B793c
100 ## - ENTRADA PRINCIPAL--NOMBRE DE PERSONA
Nombre de persona Boza, Giselle
9 (RLIN) 862
Término indicativo de función/relación director
245 10 - MENCIÓN DEL TÍTULO
Título Contra Punto/
Resto del título Revista de Pensamiento y Cultura/
260 ## - PUBLICACIÓN, DISTRIBUCIÓN, ETC.
Lugar de publicación, distribución, etc. Costa Rica
Nombre del editor, distribuidor, etc. SINART
Fecha de publicación, distribución, etc. 1999
300 ## - DESCRIPCIÓN FÍSICA
Extensión 47p.
Dimensiones 22x30cm
490 ## - MENCIÓN DE SERIE
Mención de serie 4
Designación de volumen o secuencia 1999
Número Internacional Normalizado para Publicaciones Seriadas 1409-3286
505 ## - NOTA DE CONTENIDO CON FORMATO
Nota de contenido con formato Una Maestra en Harlem
505 ## - NOTA DE CONTENIDO CON FORMATO
Nota de contenido con formato Florencia del Castillo y la democracia educativa
505 ## - NOTA DE CONTENIDO CON FORMATO
Nota de contenido con formato Temas Debate
505 ## - NOTA DE CONTENIDO CON FORMATO
Nota de contenido con formato ¿Qué es Centroamérica?
505 ## - NOTA DE CONTENIDO CON FORMATO
Nota de contenido con formato El Informe Estado de la Región en Desarrollo Humano Sostenible
505 ## - NOTA DE CONTENIDO CON FORMATO
Nota de contenido con formato Mundialización y Desarrollo Humano
505 ## - NOTA DE CONTENIDO CON FORMATO
Nota de contenido con formato La mujer alma del campo
505 ## - NOTA DE CONTENIDO CON FORMATO
Nota de contenido con formato Planificación urbana y desregularización
505 ## - NOTA DE CONTENIDO CON FORMATO
Nota de contenido con formato Costa Rica y la integración centroamericana
505 ## - NOTA DE CONTENIDO CON FORMATO
Nota de contenido con formato La sociedad civil en el proceso de transición democrática centroamericana
505 ## - NOTA DE CONTENIDO CON FORMATO
Nota de contenido con formato Cuentas que no rinden
505 ## - NOTA DE CONTENIDO CON FORMATO
Nota de contenido con formato El entorno del Desarrollo Nacional
505 ## - NOTA DE CONTENIDO CON FORMATO
Nota de contenido con formato Un proceso de paz bajo fuego cruzado
505 ## - NOTA DE CONTENIDO CON FORMATO
Nota de contenido con formato Democracia, derechos humanos y ¨poder originario¨
505 ## - NOTA DE CONTENIDO CON FORMATO
Nota de contenido con formato Libros
650 ## - PUNTO DE ACCESO ADICIONAL DE MATERIA--TÉRMINO DE MATERIA
Fuente del encabezamiento o término Tesauro de Arte & Arquitectura
Término de materia o nombre geográfico como elemento de entrada POLITICA
650 ## - PUNTO DE ACCESO ADICIONAL DE MATERIA--TÉRMINO DE MATERIA
Fuente del encabezamiento o término Tesauro de Arte & Arquitectura
Término de materia o nombre geográfico como elemento de entrada CULTURA
650 ## - PUNTO DE ACCESO ADICIONAL DE MATERIA--TÉRMINO DE MATERIA
Fuente del encabezamiento o término Tesauro de Arte & Arquitectura
Término de materia o nombre geográfico como elemento de entrada LITERATURA
650 ## - PUNTO DE ACCESO ADICIONAL DE MATERIA--TÉRMINO DE MATERIA
Fuente del encabezamiento o término Tesauro de Arte & Arquitectura
Término de materia o nombre geográfico como elemento de entrada FILOSOFIA
650 ## - PUNTO DE ACCESO ADICIONAL DE MATERIA--TÉRMINO DE MATERIA
Fuente del encabezamiento o término Tesauro de Arte & Arquitectura
Término de materia o nombre geográfico como elemento de entrada CRITICA
700 1# - ENTRADA AGREGADA--NOMBRE PERSONAL
Nombre de persona Svankmajer.
Término indicativo de función/relación ilustrador.
9 (RLIN) 5749
942 ## - ELEMENTOS DE ENTRADA SECUNDARIOS (KOHA)
Fuente del sistema de clasificación o colocación Clasificación Decimal Dewey
Tipo de ítem Koha Libros
Parte de la signatura que corresponde a la clasificación (Parte de la clasificación) 306.4
Parte de la signatura que identifica el ejemplar (Parte del ítem) B793c
Suprimir en OPAC No
Holdings
Estatus retirado Estado de pérdida Fuente del sistema de clasificación o colocación Especificación de materiales (volumen encuadernado u otra parte) Estado de daño No para préstamo Colección Biblioteca de origen Biblioteca actual Fecha de adquisición Enumeración/cronología de publicación seriada Número de inventario Total de préstamos Signatura topográfica completa Código de barras Visto por última vez Precio de reemplazo Tipo de ítem Koha
    Clasificación Decimal Dewey 1999     Revistas Biblioteca LadoV Biblioteca LadoV 06/07/2023 4 003178   306.4 B793c 003178 06/07/2023 06/07/2023 Libros